[Event "K41 Aabent Mesterskab 2005-06"]
[Site "Copenhagen"]
[Date "2005.11.29"]
[Round "2"]
[White "Nielsen, Palle"]
[Black "Gjelstrup, Ole"]
[Result "1-0"]
[WhiteElo "1619"]
[BlackElo "1394"]
[PlyCount "83"]
[EventDate "2005.??.??"]


1. e4 e5 2. Bc4 Nf6 3. d3 d5 4. exd5 Nxd5 5. Qf3 Be6 6. Nc3 c6 7. Bd2 Bc5 8.
Ne4 Qe7 9. c3 O-O 10. O-O-O Nd7 11. h3 b5 12. Bb3 Rac8 13. Bc2 Bb6 14. Qg3 Nf4
15. Kb1 Bc7 16. Be3 c5 17. Nf3 f6 18. Rhe1 a5 19. Bxf4 exf4 20. Qh4 Qf7 21. b3
Bf5 22. d4 Qg6 23. g4 fxg3 24. fxg3 Bxe4 25. Bxe4 f5 26. Bd5+ Kh8 27. Ng5 f4+
28. Be4 Qh6 29. Qxh6 gxh6 30. Ne6 Rf6 31. Bb7 Rg8 32. Nxc7 fxg3 33. Bd5 Rg5 34.
Re8+ Nf8 35. Bg2 Rf2 36. Ne6 Rgf5 37. dxc5 Rxg2 38. Nxf8 Kg8 39. Nd7+ Kf7 40.
Rf8+ Kg6 41. c6 Rgf2 42. Rg8+ 1-0

[Event "K41 Aabent Mesterskab 2005-06"]
[Site "Copenhagen"]
[Date "2005.11.29"]
[Round "2"]
[White "Nielsen, Soren Skovso"]
[Black "Thygesen, Morten"]
[Result "0-1"]
[WhiteElo "1638"]
[BlackElo "1879"]
[PlyCount "80"]
[EventDate "2005.??.??"]


1. e4 c5 2. Nf3 Nc6 3. d4 cxd4 4. Nxd4 Nf6 5. Nc3 d6 6. Be2 g6 7. Be3 Bg7 8. f3
O-O 9. Qd2 Nxd4 10. Bxd4 Be6 11. Nd5 Bxd5 12. exd5 Qd7 13. a4 Rfc8 14. Bc3 Qf5
15. Rd1 Rc5 16. Bd3 Qxd5 17. O-O Qh5 18. Qe1 Rxc3 19. bxc3 Nd5 20. Be4 Nxc3 21.
Rd3 Qc5+ 22. Kh1 d5 23. Bxd5 Nxd5 24. Qe4 e6 25. c4 Nb6 26. Qxb7 Qxc4 27. Rfd1
Qxa4 28. h3 Be5 29. f4 Qxf4 30. g3 Qf6 31. Rf3 Qg7 32. Rdf1 f6 33. Qc6 Qd7 34.
Qc1 Rc8 35. Qb1 Qc6 36. Kh2 Qc2+ 37. R3f2 Qxb1 38. Rxb1 Rc3 39. Rg2 h5 40. Rd1
h4 0-1

[Event "K41 Aabent Mesterskab 2005-06"]
[Site "Copenhagen"]
[Date "2005.11.29"]
[Round "2"]
[White "Opstrup, Niels"]
[Black "Frederiksen, Alan"]
[Result "0-1"]
[WhiteElo "1240"]
[BlackElo "1539"]
[PlyCount "94"]
[EventDate "2005.??.??"]


1. d4 d5 2. Nc3 Nf6 3. e4 Nxe4 4. Nxe4 dxe4 5. c3 c6 6. Bc4 Bf5 7. Ne2 e6 8.
Ng3 Bg6 9. O-O Bd6 10. f4 exf3 11. Qxf3 O-O 12. Ne4 Bxh2+ 13. Kxh2 Qh4+ 14. Kg1
Qxe4 15. Qg3 Nd7 16. Re1 Qf5 17. Bf4 Nf6 18. Re5 Qc2 19. Re2 Qf5 20. Rf1 Nh5
21. Qe3 Nxf4 22. Rxf4 Qa5 23. Qg3 Qd8 24. Re5 Qd6 25. Rg4 Rfe8 26. Qe3 Kf8 27.
Rf4 Kg8 28. Bd3 b5 29. Rg4 a5 30. Qf2 Kf8 31. Re1 a4 32. Bc2 Bxc2 33. Qxc2 g6
34. Qd2 Kg7 35. Rf1 Re7 36. Qg5 f5 37. Rh4 Kg8 38. Rh6 Rg7 39. Qh4 Qe7 40. Qg3
Rd8 41. Kf2 c5 42. Qe5 cxd4 43. cxd4 Qg5 44. Qxe6+ Kf8 45. Rh3 Qd2+ 46. Kg1
Qxd4+ 47. Rf2 Re7 0-1

[Event "K41 Aabent Mesterskab 2005-06"]
[Site "Copenhagen"]
[Date "2005.11.29"]
[Round "2"]
[White "Taylor, Ralph"]
[Black "Nielsen, Michael"]
[Result "1/2-1/2"]
[WhiteElo "1801"]
[BlackElo "2034"]
[PlyCount "87"]
[EventDate "2005.??.??"]


1. e4 c5 2. Nf3 Nc6 3. d4 cxd4 4. Nxd4 Nf6 5. Nc3 e5 6. Nb3 Be7 7. Be3 d6 8.
Qd3 O-O 9. f3 Be6 10. O-O-O Rc8 11. Qe2 Nb4 12. a3 Bxb3 13. axb4 Bc4 14. Qd2 d5
15. Nxd5 Nxd5 16. exd5 Bb3 17. Bd3 Qc7 18. Bxh7+ Kh8 19. Bf5 Rcd8 20. Qc3 Qxc3
21. bxc3 Bxd5 22. Rd2 g6 23. Be4 Bxe4 24. Rxd8 Rxd8 25. fxe4 a5 26. bxa5 Ba3+
27. Kb1 Rc8 28. Rd1 Rxc3 29. Rd3 Bb4 30. Rxc3 Bxc3 31. Bb6 f5 32. Kc1 Kg7 33.
Kd1 Kf6 34. exf5 Kxf5 35. Ke2 Ke4 36. Bd8 Bb4 37. Bb6 Bc3 38. g3 Bb4 39. c4 Bc3
40. h3 Bb4 41. h4 Be7 42. c5 Kd5 43. Ke3 Bf6 44. Kf3 1/2-1/2

[Event "K41 Aabent Mesterskab 2005-06"]
[Site "Copenhagen"]
[Date "2005.12.06"]
[Round "3"]
[White "Christensen, Aage"]
[Black "Gjedde, Thomas"]
[Result "0-1"]
[WhiteElo "1567"]
[BlackElo "1896"]
[PlyCount "48"]
[EventDate "2005.??.??"]


1. d4 d5 2. c4 e6 3. Nc3 Nf6 4. Bg5 c6 5. e3 Nbd7 6. Nf3 Qa5 7. Qa4 Qxa4 8.
Nxa4 dxc4 9. a3 b5 10. Nc3 a6 11. Be2 Bb7 12. O-O Be7 13. a4 O-O 14. Nd2 Bb4
15. Bf3 Nd5 16. Nxd5 cxd5 17. Nb1 Nb6 18. Bd1 Bc6 19. Nc3 Bxc3 20. bxc3 Nxa4
21. Bxa4 bxa4 22. Be7 Rfb8 23. Rfb1 Rb3 24. h3 Rxc3 0-1

[Event "K41 Aabent Mesterskab 2005-06"]
[Site "Copenhagen"]
[Date "2005.12.06"]
[Round "3"]
[White "Christensen, Henning"]
[Black "Madsen, Poul Henrik"]
[Result "0-1"]
[WhiteElo "1623"]
[BlackElo "2026"]
[PlyCount "66"]
[EventDate "2005.??.??"]


1. d4 d5 2. c4 c6 3. Nf3 e6 4. e3 f5 5. Nc3 Nf6 6. Be2 Bd6 7. O-O Nbd7 8. Ng5
Qe7 9. f4 O-O 10. c5 Bc7 11. Bd2 b6 12. b4 a5 13. a3 Ba6 14. bxa5 bxc5 15. Bxa6
Rxa6 16. Ne2 Bxa5 17. Bxa5 Rxa5 18. dxc5 e5 19. Qd2 Rxc5 20. fxe5 Qxe5 21. Nf4
Ne4 22. Nxe4 fxe4 23. Rfc1 Rb8 24. Ra2 Qd6 25. a4 Ne5 26. Rac2 Rxc2 27. Rxc2 g5
28. Ne2 Qa3 29. Nc3 Nc4 30. Qe1 Qc5 31. Re2 Rb3 32. h3 Nb2 33. Rc2 Nxa4 0-1

[Event "K41 Aabent Mesterskab 2005-06"]
[Site "Copenhagen"]
[Date "2005.12.06"]
[Round "3"]
[White "Eiholt, Bjarne"]
[Black "Edoo, Niels"]
[Result "1-0"]
[WhiteElo "1588"]
[BlackElo "1964"]
[PlyCount "47"]
[EventDate "2005.??.??"]


1. d4 Nf6 2. c4 e6 3. Nc3 d5 4. Bg5 Be7 5. e3 h6 6. Bh4 c6 7. cxd5 exd5 8. Bd3
Be6 9. Nge2 g5 10. Bg3 Nbd7 11. Qc2 Nh5 12. Bf5 Nf8 13. Bxe6 Nxe6 14. Be5 Bf6
15. Ng3 Nxg3 16. Bxg3 Ng7 17. h3 Qd7 18. O-O-O Qf5 19. e4 dxe4 20. Nxe4 Be7 21.
Bd6 Kd7 22. Be5 f6 23. g4 Qg6 24. Nxf6+ 1-0

[Event "K41 Aabent Mesterskab 2005-06"]
[Site "Copenhagen"]
[Date "2005.12.06"]
[Round "3"]
[White "Frederiksen, Alan"]
[Black "Akdag, Dara Sevkan"]
[Result "0-1"]
[WhiteElo "1539"]
[BlackElo "1719"]
[PlyCount "128"]
[EventDate "2005.??.??"]


1. d4 Nf6 2. Bg5 e6 3. e4 d6 4. Nc3 Be7 5. Bd3 e5 6. Nge2 O-O 7. O-O Bg4 8. f3
Bd7 9. Qd2 h6 10. Be3 exd4 11. Nxd4 Nc6 12. Nxc6 Bxc6 13. Ne2 Nd7 14. f4 Nc5
15. Ng3 Bh4 16. Bxc5 dxc5 17. Qc3 Bxg3 18. hxg3 Qd4+ 19. Qxd4 cxd4 20. e5 Rae8
21. Rae1 a6 22. Be4 Bxe4 23. Rxe4 Rd8 24. Rf3 Rfe8 25. f5 c5 26. f6 g6 27. Rd3
Rd5 28. c3 Rdxe5 29. Rxe5 Rxe5 30. cxd4 cxd4 31. Rxd4 g5 32. Rd7 b5 33. g4 Re6
34. Kh2 Rxf6 35. Kg3 Kg7 36. Rb7 Rd6 37. a4 bxa4 38. Rb4 Rd3+ 39. Kh2 a3 40.
Rb6 axb2 41. Rxb2 Rd7 42. Ra2 Ra7 43. Ra5 Kf6 44. Kg3 Ke6 45. Kf3 Kd6 46. Ke4
Kc6 47. Kd4 Kb6 48. Rf5 a5 49. Kc3 a4 50. Kb4 Kc6 51. Ka3 Kd6 52. Rf6+ Ke5 53.
Rf5+ Ke4 54. Rf6 Kd4 55. Rxh6 Ke5 56. g3 Rd7 57. Kxa4 Rd4+ 58. Kb5 Rxg4 59. Kc5
Rxg3 60. Rh7 f5 61. Re7+ Kf4 62. Kd4 Ra3 63. Re1 g4 64. Rf1+ Rf3 0-1

[Event "K41 Aabent Mesterskab 2005-06"]
[Site "Copenhagen"]
[Date "2005.12.06"]
[Round "3"]
[White "Gjelstrup, Ole"]
[Black "Opstrup, Niels"]
[Result "1-0"]
[WhiteElo "1394"]
[BlackElo "1240"]
[PlyCount "75"]
[EventDate "2005.??.??"]


1. d4 Nf6 2. Nc3 c5 3. e3 e6 4. Nf3 d5 5. b3 a6 6. Be2 Qc7 7. O-O c4 8. bxc4
dxc4 9. Bb2 b5 10. Ng5 Bb7 11. Bf3 h6 12. Nge4 Nbd7 13. Nxf6+ Nxf6 14. Bxb7
Qxb7 15. f3 Bd6 16. e4 Be7 17. Qe1 O-O 18. Rd1 Rfe8 19. Kh1 Rac8 20. g4 Nh7 21.
Qg3 Qc7 22. f4 b4 23. Ne2 Qb7 24. Qf3 Qb5 25. d5 exd5 26. Rxd5 Qa4 27. g5 Rc6
28. gxh6 Rxh6 29. Qg2 Rg6 30. Qh3 Nf6 31. Bxf6 Bxf6 32. Rh5 Kf8 33. e5 Qc6+ 34.
Rf3 Bd8 35. Rh8+ Ke7 36. Nd4 Qe4 37. Nf5+ Kd7 38. Nd6+ 1-0

[Event "K41 Aabent Mesterskab 2005-06"]
[Site "Copenhagen"]
[Date "2005.12.06"]
[Round "3"]
[White "Hansen, John Laurids"]
[Black "Brorsen, Jacob Abildlund"]
[Result "0-1"]
[WhiteElo "1538"]
[BlackElo "1652"]
[PlyCount "98"]
[EventDate "2005.??.??"]


1. e4 c5 2. Nc3 e6 3. Nf3 d6 4. Bc4 a6 5. a4 Qc7 6. O-O Nf6 7. Re1 Nbd7 8. Bf1
b6 9. d4 cxd4 10. Nxd4 Bb7 11. Nf3 Be7 12. Bf4 Nh5 13. Qd2 Nxf4 14. Qxf4 Bf6
15. Rad1 Ne5 16. Nxe5 Bxe5 17. Qd2 Rd8 18. f4 Bf6 19. Re3 O-O 20. Be2 d5 21.
exd5 Qxf4 22. d6 Rxd6 23. Qxd6 Qxe3+ 24. Kf1 Bxc3 25. bxc3 Bxg2+ 26. Kxg2 Qxe2+
27. Kh1 Qe4+ 28. Kg1 Qxc2 29. Qd4 h6 30. Rd2 e5 31. Rxc2 exd4 32. cxd4 Rd8 33.
Rd2 Rd5 34. Kf2 Kf8 35. Ke3 Ke7 36. Rc2 Ke6 37. Rc6+ Rd6 38. Rc7 g5 39. Rc8 Kf5
40. Rh8 g4 41. Ra8 a5 42. Rh8 Rg6 43. Kf2 Ke4 44. Rd8 h5 45. Kg3 Rg5 46. Rd7 b5
47. axb5 Rxb5 48. Rxf7 Kxd4 49. Ra7 Kc3 0-1

[Event "K41 Aabent Mesterskab 2005-06"]
[Site "Copenhagen"]
[Date "2005.12.06"]
[Round "3"]
[White "Hou, Mads"]
[Black "Katzmann, Svend Aage"]
[Result "1/2-1/2"]
[WhiteElo "1424"]
[BlackElo "1388"]
[PlyCount "63"]
[EventDate "2005.??.??"]


1. e4 c5 2. Nf3 Nc6 3. Nc3 a6 4. a4 d6 5. Bc4 e6 6. d3 Be7 7. O-O Nf6 8. Bg5
O-O 9. Qd2 Nd4 10. Nxd4 cxd4 11. Ne2 Nxe4 12. dxe4 Bxg5 13. f4 Bf6 14. Rae1 Qb6
15. Kh1 Qc5 16. Bd3 b5 17. b4 Qa7 18. Ra1 Qb7 19. g4 Bd7 20. a5 Bc6 21. Ng3 Bh4
22. Rae1 Bxg3 23. hxg3 f5 24. Qe2 Rac8 25. Rf2 Bxe4+ 26. Bxe4 Qxe4+ 27. Qxe4
fxe4 28. Rxe4 e5 29. Kg2 Rfe8 30. Rfe2 Rc4 31. c3 Rec8 32. cxd4 1/2-1/2

[Event "K41 Aabent Mesterskab 2005-06"]
[Site "Copenhagen"]
[Date "2005.12.06"]
[Round "3"]
[White "Krogh, Soren"]
[Black "Christiansen, Erling Molbaek"]
[Result "0-1"]
[WhiteElo "1288"]
[BlackElo "1816"]
[PlyCount "76"]
[EventDate "2005.??.??"]


1. d4 f5 2. e4 fxe4 3. Nc3 Nf6 4. Bg5 e6 5. Bxf6 Qxf6 6. Nxe4 Qf7 7. Nf3 d6 8.
Bd3 g6 9. Qe2 Be7 10. O-O-O Nd7 11. Rhe1 Nf8 12. c4 Bd7 13. Nc3 O-O-O 14. Qc2
Kb8 15. Rd2 g5 16. Rde2 g4 17. Nd2 Bf6 18. Nb3 Bxd4 19. Nxd4 Qf4+ 20. Kb1 Qxd4
21. Be4 Qxc4 22. Qb3 Qxb3 23. axb3 c6 24. Rd1 Be8 25. Red2 Kc7 26. b4 a6 27. b3
d5 28. Bd3 Bg6 29. Kb2 Bxd3 30. Rxd3 Ng6 31. Rg3 h5 32. Na4 b6 33. h3 Rdf8 34.
hxg4 Rxf2+ 35. Ka3 h4 36. Rf3 Rf8 37. Rxf8 Nxf8 38. Nc3 Rf4 0-1

[Event "K41 Aabent Mesterskab 2005-06"]
[Site "Copenhagen"]
[Date "2005.12.09"]
[Round "3"]
[White "Lichtenberg, Ivan"]
[Black "Nielsen, Soren Skovso"]
[Result "0-1"]
[WhiteElo "1289"]
[BlackElo "1638"]
[PlyCount "72"]
[EventDate "2005.??.??"]


1. e4 c5 2. Nf3 d6 3. d4 cxd4 4. Nxd4 Nf6 5. Nc3 g6 6. f3 Bg7 7. Be3 O-O 8. Qd2
a6 9. g4 b5 10. O-O-O Bb7 11. Bd3 Nbd7 12. h4 Ne5 13. h5 Nxd3+ 14. Qxd3 Nd7 15.
hxg6 fxg6 16. f4 Nc5 17. Qe2 Rf7 18. f5 Nxe4 19. Ne6 Qc8 20. Qh2 Bxc3 21. fxg6
Bxb2+ 22. Kb1 Nc3+ 23. Kxb2 Nxd1+ 24. Rxd1 Qxe6 25. gxf7+ Qxf7 26. Qh3 Rc8 27.
g5 Qg6 28. Rd2 Re8 29. Qd7 Be4 30. Rh2 Bf5 31. Qc6 Rc8 32. Qd5+ Qe6 33. Qd4 Rc4
34. Qd1 Qe5+ 35. Kb1 Rb4+ 36. Kc1 Qxe3+ 0-1

[Event "K41 Aabent Mesterskab 2005-06"]
[Site "Copenhagen"]
[Date "2005.12.06"]
[Round "3"]
[White "Nielsen, Jorgen Kamp"]
[Black "Carlsen, Rasmus"]
[Result "0-1"]
[WhiteElo "1609"]
[BlackElo "1468"]
[PlyCount "76"]
[EventDate "2005.??.??"]


1. e4 c6 2. d4 d5 3. f3 e6 4. Bd3 c5 5. Bb5+ Nc6 6. Nc3 a6 7. Bxc6+ bxc6 8.
Nge2 cxd4 9. Nxd4 c5 10. Nc6 Qc7 11. exd5 Bb7 12. Qe2 Bxc6 13. dxc6 Qxc6 14.
Ne4 Nf6 15. Nxf6+ gxf6 16. c4 Bd6 17. Bh6 Rg8 18. O-O-O Rb8 19. g3 Qb6 20. Rd3
Be5 21. Rb3 Qc6 22. Rxb8+ Bxb8 23. Rd1 Be5 24. Be3 Ke7 25. Qd3 Rb8 26. Rd2 h5
27. f4 Qh1+ 28. Rd1 Bxb2+ 29. Kc2 Qc6 30. Rb1 Qa4+ 31. Kd2 Qxa2 32. Bxc5+ Ke8
33. Qe4 Rd8+ 34. Ke3 Qb3+ 35. Kf2 Rd2+ 36. Kg1 Bd4+ 37. Bxd4 Qxb1+ 38. Qe1
Qxe1# 0-1

[Event "K41 Aabent Mesterskab 2005-06"]
[Site "Copenhagen"]
[Date "2005.12.06"]
[Round "3"]
[White "Nielsen, Michael"]
[Black "Sorensen, Ken"]
[Result "1-0"]
[WhiteElo "2034"]
[BlackElo "1383"]
[PlyCount "61"]
[EventDate "2005.??.??"]


1. d4 e6 2. e4 d5 3. Nc3 Bb4 4. a3 Bxc3+ 5. bxc3 dxe4 6. Qg4 Nf6 7. Qxg7 Rg8 8.
Qh6 Nc6 9. Ne2 Rg6 10. Qe3 Qd6 11. a4 Na5 12. Ng3 Qd5 13. Rb1 Qa2 14. Rb2 Qa1
15. Be2 Bd7 16. O-O Qxa4 17. Bd2 Nc4 18. Bxc4 Qxc4 19. Rxb7 Bc6 20. Rb4 Qa6 21.
c4 h5 22. Qf4 Qc8 23. Re1 a5 24. Rbb1 Qd8 25. Bc3 Rg4 26. Qe5 Ke7 27. Nf5+ Kf8
28. Ne3 Rg6 29. Bxa5 Ra7 30. Qc5+ Qd6 31. Qxa7 1-0

[Event "K41 Aabent Mesterskab 2005-06"]
[Site "Copenhagen"]
[Date "2005.12.06"]
[Round "3"]
[White "Nielsen, Richard Hjort"]
[Black "Joensen, Hjalmar"]
[Result "1-0"]
[WhiteElo "1336"]
[BlackElo "1423"]
[PlyCount "49"]
[EventDate "2005.??.??"]


1. e4 c5 2. Nf3 d6 3. d4 cxd4 4. Nxd4 Nf6 5. Nc3 g6 6. Be2 Bg7 7. O-O O-O 8.
Be3 Bd7 9. Qd2 Nc6 10. Rad1 a6 11. f4 Rc8 12. Nxc6 Bxc6 13. Bf3 Qc7 14. Qf2 b5
15. a3 Qb7 16. e5 dxe5 17. fxe5 Ne4 18. Nxe4 Bxe4 19. e6 Rxc2 20. Qxc2 Bxc2 21.
exf7+ Rxf7 22. Rd8+ Bf8 23. Bxb7 Rxf1+ 24. Kxf1 Bd3+ 25. Rxd3 1-0

[Event "K41 Aabent Mesterskab 2005-06"]
[Site "Copenhagen"]
[Date "2005.12.06"]
[Round "3"]
[White "Ottosen, Peder"]
[Black "Nielsen, Palle"]
[Result "1-0"]
[WhiteElo "1957"]
[BlackElo "1619"]
[PlyCount "49"]
[EventDate "2005.??.??"]


1. d4 b6 2. c4 Bb7 3. Nc3 e6 4. a3 Nf6 5. Nf3 Bxf3 6. gxf3 d5 7. Bg2 c6 8. Qa4
Qd7 9. Bf4 dxc4 10. Qxc4 Nd5 11. Bg3 b5 12. Qd3 Bd6 13. Ne4 Bxg3 14. hxg3 f5
15. Nc5 Qe7 16. e4 fxe4 17. fxe4 Nc7 18. e5 g6 19. Ne4 Nd5 20. Nd6+ Kf8 21. Rc1
a5 22. Qd2 Qg7 23. Bxd5 exd5 24. Rc3 Ke7 25. Rf3 1-0

[Event "K41 Aabent Mesterskab 2005-06"]
[Site "Copenhagen"]
[Date "2005.12.06"]
[Round "3"]
[White "Rubin, Jacob"]
[Black "Abildgaard, Kenneth"]
[Result "1-0"]
[WhiteElo "1745"]
[BlackElo "1560"]
[PlyCount "187"]
[EventDate "2005.??.??"]


1. Nf3 b6 2. Nc3 Bb7 3. e4 Nf6 4. d3 e6 5. a3 d5 6. e5 Nfd7 7. d4 c5 8. Bg5 Be7
9. Bxe7 Qxe7 10. Nb5 O-O 11. Nc7 cxd4 12. Nxa8 Bxa8 13. Bb5 Bc6 14. Be2 Bb7 15.
Qxd4 Nc6 16. Qe3 Rc8 17. O-O d4 18. Nxd4 Nxd4 19. Qxd4 Qg5 20. f3 Nxe5 21. c3
Rd8 22. h4 Qf6 23. Qe3 Ng6 24. g3 Rd5 25. Rad1 Re5 26. Qf2 Nf8 27. Rd4 g5 28.
Rg4 h5 29. hxg5 Qg6 30. Rh4 Rxg5 31. Kh2 e5 32. Rd1 Qf6 33. f4 exf4 34. Rxf4
Qe6 35. Bc4 Bd5 36. Bxd5 Rxd5 37. Rxd5 Qxd5 38. Rf5 Qe6 39. Rxh5 Ng6 40. Rf5
Ne5 41. Qf4 Ng6 42. Qg4 Qd7 43. Qf3 Qd2+ 44. Qf2 Qd7 45. Rg5 Qe7 46. Rg4 Qe6
47. Qf3 Qd7 48. Rd4 Qc7 49. Qa8+ Kg7 50. Qd8 Qe5 51. Qd5 Qe2+ 52. Qg2 Qh5+ 53.
Kg1 Ne5 54. g4 Qg5 55. Qe2 Ng6 56. Re4 Qc1+ 57. Kh2 Qh6+ 58. Kg1 Qc1+ 59. Kf2
Qg5 60. Qe3 Qf6+ 61. Ke2 Kh7 62. g5 Qf5 63. Kd2 Qd7+ 64. Rd4 Qf5 65. Kc1 Qf1+
66. Rd1 Qf5 67. Rh1+ Kg8 68. Qd2 Qe4 69. Re1 Qf5 70. Qd8+ Nf8 71. Qf6 Qd5 72.
Kb1 Qd3+ 73. Ka1 Qd7 74. Qe7 Qa4 75. Qe8 Qg4 76. Qe7 Qa4 77. Rh1 Qc6 78. Rf1
Qc4 79. Qf6 Qd5 80. Qf5 Qc4 81. Rh1 Qc6 82. Qh3 Ng6 83. Qh7+ Kf8 84. Rd1 Qc7
85. Qh3 Qf4 86. Qh6+ Ke7 87. Re1+ Kd8 88. Qg7 Kc8 89. Qg8+ Kc7 90. Qa8 Qxg5 91.
Qxa7+ Kc6 92. Rd1 Qg4 93. Qa8+ Kc5 94. Qd5# 1-0

[Event "K41 Aabent Mesterskab 2005-06"]
[Site "Copenhagen"]
[Date "2005.12.06"]
[Round "3"]
[White "Thygesen, Morten"]
[Black "Ibsen, Johan"]
[Result "1-0"]
[WhiteElo "1879"]
[BlackElo "1477"]
[PlyCount "57"]
[EventDate "2005.??.??"]


1. e4 e6 2. d4 d5 3. Bd3 Nf6 4. e5 Nfd7 5. Nf3 c5 6. c3 Nc6 7. O-O cxd4 8. cxd4
Be7 9. Nc3 O-O 10. Re1 Qe8 11. Nb5 Qd8 12. Re3 f5 13. exf6 Nxf6 14. Ng5 h6 15.
Rg3 Bd6 16. Nxd6 Qxd6 17. Nh7 Kh8 18. Nxf8 Qxf8 19. Be3 e5 20. dxe5 Nxe5 21.
Rc1 Nc6 22. Bb5 Bd7 23. Bxc6 bxc6 24. Bd4 Qe7 25. Qd3 Re8 26. h3 Rg8 27. Qe3
Qf7 28. Re1 Ne4 29. Qxh6# 1-0

[Event "K41 Aabent Mesterskab 2005-06"]
[Site "Copenhagen"]
[Date "2005.12.06"]
[Round "3"]
[White "Truelsen, Ole Illum"]
[Black "Taylor, Ralph"]
[Result "1-0"]
[WhiteElo "1804"]
[BlackElo "1801"]
[PlyCount "79"]
[EventDate "2005.??.??"]


1. c4 Nf6 2. Nc3 c6 3. e4 e5 4. Nf3 d6 5. d4 Bg4 6. Be2 Nbd7 7. O-O Be7 8. d5
c5 9. Be3 Nh5 10. h3 Bxf3 11. Bxf3 Nf4 12. Kh2 Nb6 13. b3 O-O 14. Qd2 Ng6 15.
Bg4 Bf6 16. Rab1 a6 17. g3 Re8 18. Qd3 a5 19. Nb5 Nc8 20. f4 exf4 21. gxf4 Qe7
22. e5 dxe5 23. d6 Nxd6 24. Qxd6 exf4 25. Qxe7 Rxe7 26. Bxc5 Rd8 27. Bxe7 Rd2+
28. Kh1 Bxe7 29. Bf5 Nh4 30. Rxf4 g5 31. Rg1 Kf8 32. Rff1 h5 33. Be6 Rd3 34.
Rxf7+ Ke8 35. Rff1 g4 36. Bf7+ Kf8 37. Be6+ Rf3 38. Rxf3+ gxf3 39. Bd5 Bc5 40.
Rf1 1-0

[Event "K41 Aabent Mesterskab 2005-06"]
[Site "Copenhagen"]
[Date "2005.12.06"]
[Round "3"]
[White "Weber, John"]
[Black "Laursen, Niels Norskov"]
[Result "1/2-1/2"]
[WhiteElo "1683"]
[BlackElo "2084"]
[PlyCount "122"]
[EventDate "2005.??.??"]


1. f4 g6 2. Nf3 Bg7 3. d4 d6 4. Nc3 Bg4 5. e3 e6 6. Be2 Ne7 7. O-O O-O 8. Qe1
Nd7 9. Bd2 Rc8 10. Rd1 Bxf3 11. Bxf3 d5 12. Bc1 Nf5 13. Ne2 Nd6 14. b3 b6 15.
Ba3 c5 16. c3 Qc7 17. Rc1 Rfd8 18. Qd2 Nf6 19. Ng3 Bf8 20. Bb2 Bg7 21. Ba3 Nb5
22. Bb2 cxd4 23. cxd4 Qd7 24. Rxc8 Rxc8 25. Rc1 Bf8 26. Rxc8 Qxc8 27. Be2 Nd6
28. Bd3 h5 29. Qe1 Nf5 30. Nxf5 exf5 31. h3 Bd6 32. Qc3 Qxc3 33. Bxc3 Kf8 34.
Kf2 Ne4+ 35. Bxe4 fxe4 36. b4 h4 37. a4 Kg7 38. b5 Kh6 39. Be1 Kh5 40. Bd2 g5
41. fxg5 Kxg5 42. Ke2 f5 43. Bc3 Ba3 44. Bd2 Bd6 45. Bc3 f4 46. Bd2 fxe3 47.
Bxe3+ Bf4 48. Bf2 Bc1 49. Bg1 Kf5 50. Bf2 Bg5 51. g3 hxg3 52. Bxg3 Bf4 53. Bh4
Bd6 54. Ke3 Bh2 55. Bf2 Kg5 56. Ke2 Kf4 57. Bh4 Kf5 58. Bf2 Kg5 59. Ke3 Bf4+
60. Ke2 Kf5 61. Bh4 Bh2 1/2-1/2

[Event "K41 Aabent Mesterskab 2005-06"]
[Site "Copenhagen"]
[Date "2006.01.03"]
[Round "4"]
[White "Abildgaard, Kenneth"]
[Black "Lichtenberg, Ivan"]
[Result "1-0"]
[WhiteElo "1560"]
[BlackElo "1289"]
[PlyCount "109"]
[EventDate "2005.??.??"]


1. c4 e5 2. Nc3 Nf6 3. g3 d6 4. Bg2 Be7 5. d3 O-O 6. Nf3 h6 7. O-O c6 8. b4 a6
9. a4 Be6 10. b5 axb5 11. cxb5 Qd7 12. Bb2 Nd5 13. d4 Nxc3 14. Bxc3 e4 15. Nd2
d5 16. Qb3 f5 17. e3 Kh7 18. f3 Bd6 19. Bb4 Qe7 20. Bxd6 Qxd6 21. Qc2 Nd7 22.
fxe4 fxe4 23. bxc6 Qxc6 24. Qxc6 bxc6 25. Rfc1 Rfc8 26. Nb3 Bf7 27. Nc5 Nxc5
28. Rxc5 Be8 29. a5 Rcb8 30. Bf1 Rb3 31. Kf2 Rb2+ 32. Kg1 Rb3 33. Re1 Bd7 34.
a6 Ra3 35. h3 Rb8 36. Rcc1 Rb4 37. Ra1 Rba4 38. Rab1 Bc8 39. Rb6 Bxa6 40. Rxc6
Bxf1 41. Kxf1 Ra6 42. Rc5 Rf6+ 43. Ke2 Ra2+ 44. Kd1 Rff2 45. g4 Ra1+ 46. Rc1
Rxc1+ 47. Kxc1 Rh2 48. Rf1 Rxh3 49. Kd2 Rh2+ 50. Ke1 h5 51. Rf5 hxg4 52. Rxd5
g3 53. Rg5 g2 54. Kf2 Kh6 55. Rxg2 1-0

[Event "K41 Aabent Mesterskab 2005-06"]
[Site "Copenhagen"]
[Date "2006.01.03"]
[Round "4"]
[White "Akdag, Dara Sevkan"]
[Black "Christensen, Henning"]
[Result "0-1"]
[WhiteElo "1719"]
[BlackElo "1623"]
[PlyCount "68"]
[EventDate "2005.??.??"]


1. d4 Nf6 2. c4 e6 3. Bg5 c5 4. Nf3 cxd4 5. Nxd4 Qa5+ 6. Bd2 Qb6 7. e3 Nc6 8.
Nb3 Be7 9. Nc3 O-O 10. c5 Qd8 11. Be2 d5 12. cxd6 Bxd6 13. O-O Qe7 14. f4 e5
15. e4 exf4 16. Bxf4 Bxf4 17. Rxf4 Qe5 18. Qf1 Be6 19. Kh1 Rfd8 20. Rf3 Bxb3
21. axb3 Nd4 22. Rd3 Nxb3 23. Rxa7 Nc5 24. Rxd8+ Rxd8 25. Ra5 b6 26. Rb5 Qd4
27. e5 Nfe4 28. Nxe4 Nxe4 29. g3 Rc8 30. Qg1 Qd2 31. Bf3 Rc1 32. Rxb6 Rxg1+ 33.
Kxg1 Qf2+ 34. Kh1 Qf1# 0-1

[Event "K41 Aabent Mesterskab 2005-06"]
[Site "Copenhagen"]
[Date "2006.01.03"]
[Round "4"]
[White "Brorsen, Jacob Abildlund"]
[Black "Eiholt, Bjarne"]
[Result "1-0"]
[WhiteElo "1652"]
[BlackElo "1588"]
[PlyCount "119"]
[EventDate "2005.??.??"]


1. d4 d5 2. Nf3 Nf6 3. Bf4 Nbd7 4. e3 h6 5. h4 Ne4 6. Bd3 Ndf6 7. Ne5 Bf5 8. g4
Bh7 9. g5 Nd7 10. Qh5 Nxe5 11. Bxe5 Bg6 12. Qg4 hxg5 13. h5 f6 14. Bg3 f5 15.
Qf3 Nxg3 16. fxg3 g4 17. Qf1 Bf7 18. Qxf5 g6 19. Qxg4 gxh5 20. Qf3 Qd6 21. Nc3
Qf6 22. Qxf6 exf6 23. O-O-O Bh6 24. Kb1 O-O-O 25. Bf5+ Kb8 26. e4 dxe4 27. Nxe4
Rd5 28. Rhf1 Rhd8 29. Nxf6 Rxd4 30. Nd7+ R8xd7 31. Bxd7 Rxd1+ 32. Rxd1 a5 33.
Be8 Bc4 34. Bxh5 Ka7 35. Rd4 Be6 36. Bg4 Bg7 37. Re4 Bd5 38. Re3 Kb6 39. Bf5
Bf6 40. g4 Bf7 41. Rh3 Kc5 42. Rh7 Bd5 43. Rxc7+ Kb6 44. Rd7 Bc6 45. Rd6 Be5
46. Rg6 Kc5 47. c3 b5 48. Kc2 Bf3 49. g5 Bd5 50. Kd3 Bf7 51. Rh6 Bc7 52. g6 Bd5
53. g7 Be5 54. Rg6 Bg8 55. Be6 Bxe6 56. g8=Q Bxg8 57. Rxg8 b4 58. Rg5 Kd6 59.
cxb4 axb4 60. Rxe5 1-0

[Event "K41 Aabent Mesterskab 2005-06"]
[Site "Copenhagen"]
[Date "2006.01.03"]
[Round "4"]
[White "Carlsen, Rasmus"]
[Black "Weber, John"]
[Result "0-1"]
[WhiteElo "1468"]
[BlackElo "1683"]
[PlyCount "170"]
[EventDate "2005.??.??"]


1. d4 f5 2. Nf3 Nf6 3. Bf4 e6 4. c4 d5 5. Nbd2 c5 6. e3 Nc6 7. Be2 Be7 8. O-O
Nh5 9. Be5 O-O 10. a3 Nxe5 11. Nxe5 Nf6 12. dxc5 Bxc5 13. b4 Bd6 14. Ndf3 Qc7
15. Qd4 Rd8 16. c5 Be7 17. Rfc1 Ne4 18. Nd3 Bf6 19. Nfe5 Nd2 20. Bd1 Bd7 21.
Ra2 Ne4 22. a4 Rac8 23. Bb3 Qb8 24. Bxd5 Kf8 25. Bxe4 Bb5 26. axb5 Rxd4 27.
exd4 Rd8 28. Bxb7 Qxb7 29. Nc6 Ra8 30. Nf4 Kf7 31. Rxa7 Rxa7 32. Nxa7 Qxa7 33.
b6 Qb8 34. Ne2 Bd8 35. g3 Qb7 36. Ra1 Qe4 37. Kf1 Qh1+ 38. Ng1 Qd5 39. Rd1 Qc4+
40. Ne2 Qxb4 41. h4 Qb3 42. Re1 Qb2 43. Nf4 Qxd4 44. Nxe6 Qc4+ 45. Kg1 Qxe6 46.
Rxe6 Kxe6 47. Kg2 Kd5 48. h5 Kxc5 49. b7 Bc7 50. Kh3 Kc6 51. g4 fxg4+ 52. Kxg4
Kxb7 53. Kf5 h6 54. Kg6 Be5 55. Kf5 Bf6 56. Ke6 Kc6 57. Kf5 Kd5 58. f4 Kd4 59.
Kg4 Ke4 60. Kg3 Kf5 61. Kf3 Bb2 62. Kg3 Bc1 63. Kh4 Bxf4 64. Kh3 Kg5 65. Kg2
Kxh5 66. Kh3 g5 67. Kg2 g4 68. Kh1 Kh4 69. Kg2 Be3 70. Kh2 g3+ 71. Kg2 Bf4 72.
Kh1 Kh3 73. Kg1 g2 74. Kf2 Kh2 75. Kf3 Bg3 76. Ke2 g1=Q 77. Kd3 Qc5 78. Ke2 Qa3
79. Kd2 Be5 80. Ke2 Kg3 81. Kd2 Qc3+ 82. Ke2 Bd4 83. Kf1 Qc2 84. Ke1 Be3 85.
Kf1 Qf2# 0-1